000 00626nam a2200253Ia 4500
003 OSt
005 20220924152708.0
006 a|||||r|||| 00| 0
007 ta
008 220923b |||||||| |||| 00| 0 ara d
020 _a9770157252
024 _a343930
037 _cTextual
040 _aARTS
_cARTS
_bara
041 _2ara
_aara
082 _aO28,1x, N8
100 _aAnani Muhammad Au.
245 0 _aAl-Mukhtar min rasail-al-jahiz
260 _c1911
300 _a86p.
_ccm.
650 _aARABIC POETRY
942 _hO28,1x, N8
_cTEXL
_2CC
999 _c470673
_d470673